Statistiques concernant Disney paroles - Sous les apparences (Encanto)

Cliquez ici pour prendre le quiz!

Statistiques générales

  • Ce quiz a été pris 392 fois
  • Le résultat moyen est 294 sur 416

Statistiques - réponses

Réponse% Correct
à
100%
a
100%
Le
100%
le
100%
Je
98%
je
98%
La
98%
la
98%
Les
98%
les
98%
suis
97%
Sous
96%
un
96%
Un
96%
apparences,
95%
apparences
95%
de
95%
une
95%
et
93%
grand
93%
ma
93%
qui
92%
Qui
92%
comme
91%
peur
91%
peur,
91%
peur.
91%
mo
90%
n'a
90%
sa
90%
ce
88%
me
88%
n'ai
88%
pas
88%
sol
88%
mon
87%
ta
87%
fait
86%
Mais
86%
mais
86%
Ca
85%
ca
85%
que
85%
solide
85%
tout
85%
cuire.
83%
dure
83%
en
83%
plus
83%
pression,
82%
pression
82%
Pression
82%
pression.
82%
roche,
81%
soeur
81%
Hercule
80%
grande
78%
poids
78%
seule
78%
bombe,
76%
bruit
76%
chance ?
76%
chance.
76%
guerre.
76%
machine
76%
pour
76%
Pour
76%
d'une
75%
Laisse
75%
qu'une
75%
violence.
75%
montagnes,
74%
porter
74%
sans
74%
Toutes
74%
toutes
74%
avec
73%
ces
73%
face
73%
gouttes
73%
quand
73%
sourire.
73%
vraie
73%
équilibriste
72%
soulève
72%
veux
72%
veux.
72%
car
71%
coeur.
71%
force ?
71%
force
71%
moi
71%
tombent,
71%
ton
71%
bulldozer,
70%
craque.
70%
indestructible.
70%
sens
70%
avait
69%
maison
69%
missions
69%
si
69%
Si
69%
Cerbère
68%
bip,
67%
bip
67%
clic
67%
clic,
67%
sont
67%
tous
67%
tous.
67%
c'est
66%
C'est
66%
pénibles
65%
vrac,
65%
tic
64%
tic,
64%
m'échappe.
61%
métaux
61%
compétence.
60%
dérape,
60%
hauteur.
59%
précieux
59%
etre
58%
explosion
58%
deux
57%
empires,
57%
te
57%
serais-je
55%
confiance
54%
j'ai
54%
cassent
53%
perds
52%
nous
50%
avant
49%
role,
49%
meilleure.
46%
autres
43%
écorce ?
43%
ressens
42%
famille
40%
mes
40%
On
40%
plomb,
40%
plomb
40%
pesant
39%
immense.
38%
joie
38%
ou
38%
j'aide
37%
tomber
37%
détente ?
35%
ignorant
35%
angoisses
34%
chaque
34%
commence.
34%
d'exister
34%
domino
34%
fois
34%
place
34%
s'écroule
34%
cette
33%
demander,
33%
demander.
33%
grandit,
33%
l'honneur.
33%
parait
33%
problème
33%
faire
32%
peux
32%
très
31%
aurais-je
30%
avance
30%
arrivent
29%
douleur.
29%
encore
29%
vent
29%
vite,
28%
vite
28%
attention
27%
retenir
27%
souffle.
27%
attentes,
26%
envahit.
26%
détruit,
25%
encaisser
25%
l'bateau
24%
vivions
24%
envie
23%
plier.
22%
pu
22%
bien
21%
essaye
21%
ils
21%
Oui
21%
aurait
20%
Avoir
20%
fort,
20%
gérer
20%
m'écrouler,
20%
exigences,
19%
l'énorme
19%
ferais-je
18%
telles
18%
tenir
17%
t'écraser,
16%
s'effondrent
15%
Rester
8%
whoa oh
4%
whao oh
3%
whao oh.
3%
Whao oh
3%
whao oh oh
2%
whao oh oh.
2%
d'iceberg
1%

Distribution des résultats

Percentile par nombre de réponses

% des personnes avec chaque résultat

Votre développement - résultats

Vous n’avez pas pris ce quiz